000 00761nam a2200229 a 4500
001 000038791
003 DO-SdBNP
005 20230925140941.0
008 130423s2013 dr 000 0 spa d
020 _a9789945007510
040 _aDO-SdBNP
_bspa
_cBNPHU
082 4 _aRD863.44
_bG913v
_222
100 1 _aPérez Guante, Carlos
_98458
245 1 3 _aLa vagina que muerde :
_bla forma vakana de amarrar a un hombre /
_cCarlos Pérez Guante.
260 _aSanto Domingo :
_bImpresos del Caribe,
_c2013.
300 _a50 p. ;
_c19 cm.
500 _aIncluye datos biográficos del autor en la contracubierta
590 _aLa biblioteca posee 3 ejemplares autografíado
650 4 _aCuentos dominicanos
650 4 _aLiteratura dominicana
942 _2ddc
_cLBS1
999 _c38281
_d38281